| 000 | 01584cam a22003497a 4500 | ||
|---|---|---|---|
| 001 | 15259001 | ||
| 003 | NUST-PNEC | ||
| 005 | 20170116180703.0 | ||
| 008 | 080412s2008 maua b 001 0 eng | ||
| 010 | _a 2008297860 | ||
| 015 |
_aGBA849792 _2bnb |
||
| 016 | 7 |
_a014564652 _2Uk |
|
| 020 | _a9781596933545 (hbk.) | ||
| 020 | _a1596933542 | ||
| 035 | _a(OCoLC)ocn183262005 | ||
| 040 |
_aUKM _cPNEC |
||
| 042 |
_aukblsr _alccopycat |
||
| 050 | 0 | 0 |
_aVK397 _b.F675 2008 |
| 082 | 0 | 4 | _a623.8932 FOR |
| 100 | 1 |
_aForssell, Börje, _d1939- |
|
| 245 | 1 | 0 |
_aRadionavigation systems / _cBörje Forssell. |
| 260 |
_aBoston : _bArtech House, _cc2008. |
||
| 300 |
_axvi, 392 p. : _bill. ; _c24 cm. |
||
| 440 | 0 | _aGNSS technology and applications series | |
| 500 | _ahttp://www.amazon.com/Radionavigation-Systems-GNSS-Technology-Applications/dp/1596933542/ref=sr_1_1?ie=UTF8&qid=1410761801&sr=8-1&keywords=1596933542 | ||
| 504 | _aIncludes bibliographical references (p. 377-385) and index. | ||
| 505 | 0 | _aThe Fundamentals of Terrestrial Navigation -- Error Calculations -- Wave Propagation -- Hyperbolic Systems -- Direction Finding -- Aircraft Systems -- Satellite Systems -- Satellite Orbits and geometry -- Satellite Navigation Princples -- Error Calculations -- Transit -- Spread Spectrum : coding of satellite signals -- NAVSTAR/GPS -- GLONASS -- Other satellite navigation systems. | |
| 650 | 0 |
_aRadio in navigation. _xEE |
|
| 906 |
_a7 _bcbc _ccopycat _d2 _encip _f20 _gy-gencatlg |
||
| 942 |
_2ddc _cBK |
||
| 999 |
_c60643 _d60643 |
||